Discursos sobre una constitución religiosa considerada como parte de la civil nacional / (Record no. 157879)

MARC details
000 -LEADER
campo de control de longitud fija 00830nam a22002055i 4500
001 - NÚMERO DE CONTROL
campo de control 157879
003 - IDENTIFICADOR DE NÚMERO DE CONTROL
campo de control ES-MaACL
005 - FECHA Y HORA DE LA ÚLTIMA TRANSACCIÓN
campo de control 20250831023859.0
008 - DATOS DE LONGITUD FIJA--INFORMACIÓN GENERAL
campo de control de longitud fija 040825s1837 sp |||| | spa d
040 ## - FUENTE DE CATALOGACIÓN
Centro catalogador/agencia de origen CAM
Lengua de catalogación spa
Centro/agencia transcriptor CAM
100 1# - ENTRADA PRINCIPAL--NOMBRE DE PERSONA
Nombre de persona Llorente, Juan Antonio.
9 (RLIN) 72907
245 10 - MENCIÓN DEL TÍTULO
Título Discursos sobre una constitución religiosa considerada como parte de la civil nacional /
Mención de responsabilidad, etc. por Juan Antonio Llorente.
250 ## - MENCION DE EDICION
Mención de edición Nueva ed. adicionada con la defensa de dicha constitución verificada por José Antonio de Grassot y Gispert.
260 ## - PUBLICACIÓN, DISTRIBUCIÓN, ETC.
Lugar de publicación, distribución, etc. Barcelona :
Nombre del editor, distribuidor, etc. Librería de Francisco Oliva,
Fecha de publicación, distribución, etc. 1837.
300 ## - DESCRIPCIÓN FÍSICA
Extensión VIII, 164, 108 p. ;
Dimensiones 15 cm.
650 07 - PUNTO DE ACCESO ADICIONAL DE MATERIA--TÉRMINO DE MATERIA
Término de materia o nombre geográfico como elemento de entrada Iglesia y Estado
Fuente del encabezamiento o término embne
9 (RLIN) 13554
700 11 - ENTRADA AGREGADA--NOMBRE PERSONAL
Nombre de persona Grassot y Gispert, José Antonio de.
9 (RLIN) 127541
852 ## - LOCALIZACIÓN
Ubicación ES-MaACL
Número de control de estantería D-4797
Nota libre -- Enc. pasta española
Holdings
Estatus retirado Estado de pérdida Estado de daño No para préstamo Colección Biblioteca de origen Biblioteca actual Ubicación en estantería Fecha de adquisición Fuente de adquisición Total de préstamos Signatura topográfica completa Código de barras Visto por última vez Precio de reemplazo Tipo de ítem Koha
        Libros del s. XIX Biblioteca del Ateneo de Madrid Biblioteca del Ateneo de Madrid Sala Valle Inclán 17/01/2008     D-4797 901165228 23/02/2023 23/02/2023 Libro impreso antiguo